000 00436nam a22001817a 4500
003 MPLRDC
005 20220104124737.0
008 210129b ||||| |||| 00| 0 eng d
020 _a7-5325-0647-9
082 _a857.44 WMS
100 _a无名氏
245 _a乾隆巡幸江南记
_c
250 _a一版一刷
260 _a
_b上海古籍出版社
_c1989
300 _b
650 _a章回小说
942 _cBK
_o857.44 WMS
999 _c21808
_d21798